000
00268nam a22001217a 4500
008
170322b xxu||||| |||| 00| 0 eng d
041
_a
eng
080
_a
616.9
100
_a
8
101
_a
SHM
245
_a
ASPECTSOF ACUTE INFLAMMATION
_c
MACLEOD.A.G
942
_2
udc
_c
BK
999
_c
8412
_d
8412